01344nab a22002417a 4500003000400000005001700004008004100021040000700062100002300069245017900092260007200271300001400343500003900357505021900396505013400615505008900749650002000838650002400858650003000882650003400912650001900946773013700965OSt20260115183450.0190605e xxu||||| |||| 00| 0 spa d cPJ aSfeir, Santiago L.13aEl fraude laboral consensuado. ¿Un nuevo paradigma frente a la dicotomía existente entre la autonomía de la voluntad y el orden público laboral? /cSantiago L. Sfeir.  aCiudad Autónoma de Buenos Aires :bThomson Reuters La Ley,c2022. ap. 114-18 aCita: TR LALEY AR/DOC/3162/2022.  aSumario: I. Introducción.— II. El fraude consentido por el trabajador y el principio de autonomía de la voluntad.— III. Comentarios finales. Una nueva realidad para las relaciones individuales del trabajo.  aFallo comentado: CNTrab., sala VI ~ 10/08/2022 ~ Petit de Meurville, Javier Eduardo c. Gimnasios Argentinos SA y otro s/ despido. t¿Te interesa el texto completo? Solicitalo al correo: koha@justierradelfuego.gov.ar 0aDERECHO LABORAL 0aCONTRATO DE TRABAJO 0aRELACIÓN DE DEPENDENCIA 0aRESPONSABILIDAD DEL EMPLEADOR 0aFRAUDE LABORAL0 02711dCiudad Autónoma de Buenos Aires : Thomson Reuters La Ley, 1999-2002.tRevista de derecho del trabajo. Nº 6 - Noviembre 2022